ბათუმის შოთა რუსთაველის სახელმწიფო უნივერსიტეტის ბიბლიოთეკა

Дифференцирование интегралов в R"n. (ბიბ.ჩანაწერი № 39155)

000 -LEADER
fixed length control field 00583nam a2200205Ia 4500
001 - CONTROL NUMBER
control field 5738
003 - CONTROL NUMBER IDENTIFIER
control field GE_BSU
008 - FIXED-LENGTH DATA ELEMENTS--GENERAL INFORMATION
fixed length control field 181216s||||||||xx |||||||||||||| ||und||
040 ## - CATALOGING SOURCE
Transcribing agency GE_BSU
080 ## - UNIVERSAL DECIMAL CLASSIFICATION NUMBER
Universal Decimal Classification number 517.5
100 ## - MAIN ENTRY--PERSONAL NAME
Personal name Гусман М.
245 ## - TITLE STATEMENT
Title Дифференцирование интегралов в R"n.
245 ## - TITLE STATEMENT
Statement of responsibility, etc. пер. с английскогоВ.А. Скворцова
260 ## - PUBLICATION, DISTRIBUTION, ETC.
Place of publication, distribution, etc. Москва
260 ## - PUBLICATION, DISTRIBUTION, ETC.
Name of publisher, distributor, etc. Мир
260 ## - PUBLICATION, DISTRIBUTION, ETC.
Date of publication, distribution, etc. 1978
300 ## - PHYSICAL DESCRIPTION
Extent 198с. 21 см.
653 ## - INDEX TERM--UNCONTROLLED
Uncontrolled term Дифференцирование интегралов в R"n.
942 ## - ADDED ENTRY ELEMENTS (KOHA)
Koha item type წიგნი
ეგზემპლარები
Withdrawn status Lost status Damaged status Not for loan Date acquired Barcode Date last seen Price effective from Koha item type
        2018-12-17 16662 2018-12-17 2018-12-17 წიგნი